| 000 | 00465nam a2200145Ia 4500 | ||
|---|---|---|---|
| 008 | 100415s9999 xx 000 0 und d | ||
| 082 |
_b21695 _a595.3 |
||
| 100 | _aMartin, Joel W. | ||
| 245 | _aUpdated Classification of the Recent crustacea | ||
| 260 |
_aLOS ANGELES _c2001 _bNATURAL HISTORY MUSEUM O LOS A |
||
| 365 | _b0 | ||
| 630 | _aUpdated Classification of the Recent crustacea | ||
| 730 | _aUpdated Classification of the Recent crustacea | ||
| 942 | _cBOOK | ||
| 999 |
_c604577 _d604574 |
||